02745cam a22002175a 4500003001000000005001700010007000300027008004100030020001500071040002800086041001300114100003600127245011800163250001100281260003300292300002100325505022700346520187100573650004202444650004102486AR-RoUNCS20260611155929.0ta060523s2001 sp |r 00| 0 spa d a8474328969 aAR-BaBNbspacAR-RoUNCS1 aspahita1 aEco, Umberto,d1932-2016eautor10aCómo se hace una tesis : btécnicas y procedimientos de estudio, investigación y escritura / cUmberto Eco. a1a ed. aBarcelona : bGedisa,c2001. a233 p. ;c24 cm. a1. Qué es una tesis doctoral y para qué sirve -- 2. La elección del tema -- 3. La búsqueda del material -- 4. El plan de trabajo y las fichas -- 5. La redacción -- 6. La redacción definitiva -- 7. Conclusiones. aAnte la actual situación de masificación de nuestras universidades, Umberto Eco destina este libro sobre todo a los estudiantes con pocos recursos y apoyos, a los que viven lejos de los grandes centros urbanos con sus facilidades institucionales y a los que nadie les ha explicado como se busca un libro o un documento en bibliotecas y archivos. A pesar de desventajas personales, dice Umberto Eco, ´se puede hacer una tesis digna, aun hallándose en una situación difícil, causada por discriminaciones recientes o remotas. Se puede aprovechar la ocasión de la tesis (…) para recuperar el sentido positivo y progresivo del estudio, no entendido como una cosecha de nociones, sino como una elaboración critica de una experiencia, como adquisición de una capacidad buena para la vida futura para localizar los problemas, para afrontarlos con método, para exponerlos siguiendo ciertas técnicas de comunicación´. Los consejos de este libro se dirigen en primer lugar a los estudiantes de disciplinas humanísticas, incluyendo ciencias políticas y derecho. El propósito es ensenar como escoger un tema, organizar el tiempo, llevar a cabo una búsqueda bibliográfica y estructurar el trabajo elaborado. Se trata de un texto que sobrepasa la categoría de una simple instrucción técnica. Umberto Eco sabe motivar, logra transformar las angustias en tensión positiva, de manera que cualquier estudiante comenzara a sentirá inmediatamente confianza en sus posibilidades, con ganas de buscar, seguir pistas y descubrir algo que tal vez nadie había visto antes. Porque esta obra habla también de las propias experiencias de Umberto Eco cuando hizo su tesis sobre Estética medieval. Las referencias a sus tácticas como joven investigador, las advertencias contra los errores y falsas pistas tienen un carácter casi de suspense. 7aInvestigaciónxMetodología2embne 7aProyectos de investigación 2embne